00505nam a2200193 a 4500001001300000003000900013005001700022008004100039020002300080082001800103100002400121245003200145260002900177300000900206500003500215505001000250650002700260700002400287nice12345678IN_TiNIC20260116014452.0070413s1999 lona grp 000 0 eng  a1569571104 c19500a294.3925bGUE aGuenther, Herbert V aLife and Teaching of Naropa aLondonbShambhala c1999 a292p aincludes index and biblioraphy2 aIndex aBuddhism-Tibet-Tantric1 aGuenther, Herbert V